000 00918nam a2200277 a 4500
001 BRCA_4399
005 20190320204645.0
008 901219s1995 mx-a#####b---#000-0#spa-#
020 _a9688425834
041 _aspa
044 _amx
050 4 _aF1232
_b.L33 1995
100 1 _aLabastida, Horacio
_94344
245 1 0 _aReforma y república restaurada
_b1823-1877
_cestudio histórico y selección Horacio Labastida.
250 _a3
260 _aMéxico
_bM. A. Porrúa
_c1995
300 _a373 p.
_bil. (algunas a color)
_c28 cm.
440 0 _aDocumentos para la historia del México independiente
_v2
_911172
500 _aIncluye listado documental
500 _aColección Sonia Corcuera de Mancera
651 4 _aMéxico
_xHistoria
_y1821-1861
_9618
651 4 _aMéxico
_xHistoria
_yIntervención europea, 1861-1867
_9758
651 4 _aMéxico
_xHistoria
_y1867-1910
_94778
902 _aDSC
942 _2lcc
_cB
999 _c4110
_d4110